000 00529nam a2200181Ia 4500
008 090124s9999 xx 000 0 und d
082 _b6582
100 _aबिवलकर राम
245 _a नाना पुरोहित
250 _a0
260 _bपवार किशोर
_c1974
300 _a87
600 _aबिवलकर राम
630 _a नाना पुरोहित
700 _aबिवलकर राम
730 _a नाना पुरोहित
942 _cBOOK
999 _c84744
_d84744